[Event "Krajský pøebor jednotlivcù KHŠS 2014"]
[Site "Janske Lazne"]
[Date "2014.05.08"]
[Round "4.5"]
[White "Smolej, Lukas"]
[Black "Valenta, Vit"]
[Result "0-1"]
[WhiteElo "2014"]
[BlackElo "2137"]
[PlyCount "106"]
[EventDate "2014.05.06"]

1. d4 Nf6 2. Nc3 d5 3. Bg5 c6 4. e3 Qb6 5. Rb1 Bf5 6. Bd3 Bxd3 7. Qxd3 Ne4 8.
Nxe4 dxe4 9. Qd2 Nd7 10. f3 Qb5 11. Bh4 Qd5 12. fxe4 Qxe4 13. Nf3 e6 14. Bg3
Be7 15. O-O O-O 16. Qe2 Bf6 17. c3 Rfe8 18. Nd2 Qg6 19. Rf4 Bg5 20. Rf3 e5 21.
Rbf1 exd4 22. cxd4 Re7 23. Nc4 Rae8 24. h4 Bh6 25. Be5 Nxe5 26. dxe5 Rf8 27.
Nd6 Qe6 28. Nf5 Rd7 29. Rg3 Kh8 30. Qg4 Rdd8 31. Nxg7 Qxg4 32. Rxg4 Bxg7 33.
Rgf4 Kg8 34. Rg4 Rfe8 35. h5 h6 36. Rf6 Kf8 37. Rd6 Rxd6 38. exd6 Rd8 39. Rb4
b6 40. Ra4 Rxd6 41. Rxa7 Bxb2 42. Rb7 c5 43. a4 Bc3 44. Kf2 Ba5 45. e4 c4 46.
Ke3 c3 47. Rc7 Rd2 48. g4 Kg7 49. e5 b5 50. e6 Bb6+ 51. Kf3 Rf2+ 52. Kg3 Bxc7+
53. Kxf2 fxe6 0-1

[Event "Krajský pøebor jednotlivcù KHŠS 2014"]
[Site "Janske Lazne"]
[Date "2014.05.08"]
[Round "4.6"]
[White "Cap, Adam"]
[Black "Stanek, Petr"]
[Result "1-0"]
[WhiteElo "2134"]
[BlackElo "1911"]
[PlyCount "123"]
[EventDate "2014.05.06"]

1. e4 e5 2. Nf3 Nc6 3. Bb5 a6 4. Ba4 d6 5. O-O Bd7 6. c3 Nf6 7. Re1 g6 8. d4 b5
9. Bb3 Bg7 10. a4 O-O 11. Bg5 h6 12. axb5 axb5 13. Rxa8 Qxa8 14. dxe5 hxg5 15.
exf6 Bxf6 16. e5 Be7 17. e6 Be8 18. exf7+ Bxf7 19. Bxf7+ Kxf7 20. Na3 g4 21.
Qd5+ Kg7 22. Nd4 Ne5 23. Ne6+ Kh8 24. Qxa8 Rxa8 25. Nxc7 Ra4 26. Ncxb5 Kg7 27.
b3 Ra6 28. Kf1 Kf6 29. Nc4 Nd3 30. Rd1 Nc5 31. Ncxd6 Nxb3 32. c4 Rc6 33. Rd3
Nc5 34. Rd5 Nb3 35. Ne4+ Ke6 36. Ng5+ Kf6 37. Ne4+ Ke6 38. Rd3 Rxc4 39. Rxb3
Rxe4 40. Re3 Rxe3 41. fxe3 Bf6 42. Ke2 Be5 43. g3 Kd5 44. Kd3 Bf6 45. Nd4 Bg7
46. Nc2 Bf8 47. e4+ Ke5 48. Ne3 Bc5 49. Nxg4+ Ke6 50. Ke2 Ba7 51. Kf3 Bb8 52.
Nf2 Ba7 53. Nd3 Bd4 54. Kf4 Bf6 55. e5 Be7 56. Ke4 g5 57. g4 Ba3 58. Ne1 Bc1
59. Nf3 Bf4 60. h3 Bc1 61. Nd4+ Ke7 62. Kf5 1-0

[Event "Krajský pøebor jednotlivcù KHŠS 2014"]
[Site "Janske Lazne"]
[Date "2014.05.08"]
[Round "4.7"]
[White "Stradej, Vlastimil"]
[Black "Kaderabek, Jiri"]
[Result "1-0"]
[WhiteElo "1993"]
[BlackElo "2123"]
[PlyCount "31"]
[EventDate "2014.05.06"]

1. e4 e5 2. Nf3 d6 3. d4 Nd7 4. Bc4 Be7 5. dxe5 Nxe5 6. Nxe5 dxe5 7. Qh5 g6 8.
Qxe5 f6 9. Qd5 Qxd5 10. Bxd5 c6 11. Bb3 Bd6 12. Be3 Ke7 13. Nd2 b5 14. a4 a6
15. axb5 cxb5 16. Bd5 1-0

[Event "Krajský pøebor jednotlivcù KHŠS 2014"]
[Site "Janske Lazne"]
[Date "2014.05.08"]
[Round "4.8"]
[White "Ptacek, Tomas"]
[Black "Kozusek, Daniel"]
[Result "0-1"]
[WhiteElo "1996"]
[BlackElo "2084"]
[PlyCount "48"]
[EventDate "2014.05.06"]

1. d4 Nf6 2. c4 c5 3. d5 e6 4. Nc3 exd5 5. cxd5 d6 6. g3 g6 7. Bg2 Bg7 8. Nf3
O-O 9. O-O a6 10. a4 Nbd7 11. Rb1 Rb8 12. Bf4 Qc7 13. e4 Re8 14. Re1 Nh5 15.
Bd2 b5 16. b3 b4 17. Na2 a5 18. Qc2 Ba6 19. Bc1 c4 20. Bf1 Rec8 21. Bb2 cxb3
22. Qxb3 Bxf1 23. Kxf1 Qc2 24. Nc1 Qxb1 0-1

[Event "Krajský pøebor jednotlivcù KHŠS 2014"]
[Site "Janske Lazne"]
[Date "2014.05.08"]
[Round "4.9"]
[White "Rusnak, Jan"]
[Black "Kucera, Tomas"]
[Result "1-0"]
[WhiteElo "1991"]
[BlackElo "2024"]
[PlyCount "85"]
[EventDate "2014.05.06"]

1. e4 e6 2. Qe2 c5 3. Nc3 Nc6 4. Nf3 d6 5. d3 g6 6. g3 Bg7 7. Bg2 Nge7 8. Be3
Qb6 9. Nd1 Qa5+ 10. c3 b5 11. O-O Rb8 12. Nd2 O-O 13. f4 Qc7 14. e5 dxe5 15.
Bxc5 exf4 16. Bxc6 Nxc6 17. Bxf8 Bxf8 18. Rxf4 e5 19. Rf1 Bh3 20. Ne3 Bxf1 21.
Rxf1 Rd8 22. Ne4 Bg7 23. Nf6+ Bxf6 24. Rxf6 Kg7 25. Qf3 Rd6 26. Rxd6 Qxd6 27.
Qd5 Qxd5 28. Nxd5 f5 29. b4 a6 30. Nc7 Nb8 31. c4 bxc4 32. dxc4 Kf7 33. b5 axb5
34. cxb5 Ke7 35. a4 Kd6 36. Ne8+ Kc5 37. Nf6 h6 38. Ng8 Kb4 39. Ne7 Kxa4 40.
Nxg6 Nd7 41. b6 Kb5 42. b7 Kc6 43. Nxe5+ 1-0

[Event "Krajský pøebor jednotlivcù KHŠS 2014"]
[Site "Janske Lazne"]
[Date "2014.05.08"]
[Round "4.10"]
[White "Pavlicek, Miroslav"]
[Black "Jina, Lubos"]
[Result "1-0"]
[WhiteElo "2022"]
[BlackElo "1809"]
[PlyCount "87"]
[EventDate "2014.05.06"]

1. e4 c5 2. Nf3 e6 3. d4 cxd4 4. Nxd4 Nc6 5. Nb5 d6 6. Bf4 e5 7. Be3 a6 8. N5c3
Nf6 9. f3 Be7 10. Bc4 b5 11. Bb3 Na5 12. Bd5 Bb7 13. Bxb7 Nxb7 14. O-O O-O 15.
Nd5 Nxd5 16. Qxd5 Qc7 17. a4 b4 18. c3 bxc3 19. Nxc3 Nc5 20. b4 Nd7 21. Qd3 Nf6
22. b5 axb5 23. axb5 Rac8 24. Rfc1 Qc4 25. Qxc4 Rxc4 26. Nd5 Rxc1+ 27. Rxc1
Nxd5 28. exd5 Rb8 29. b6 f6 30. Rc7 Bd8 31. Rc6 Be7 32. Bd2 Bd8 33. Ba5 Be7 34.
Kf1 Kf7 35. Ke2 Ke8 36. Kd3 Kd7 37. Rc7+ Ke8 38. Kc4 Bd8 39. Rc6 Kd7 40. Kb5 g6
41. Bb4 Be7 42. Rc7+ Kd8 43. Kc6 h6 44. Rxe7 1-0

[Event "Krajský pøebor jednotlivcù KHŠS 2014"]
[Site "Janske Lazne"]
[Date "2014.05.08"]
[Round "4.11"]
[White "Safarik, Jakub"]
[Black "Nosek, Jan"]
[Result "1/2-1/2"]
[WhiteElo "2112"]
[BlackElo "1770"]
[PlyCount "109"]
[EventDate "2014.05.06"]

1. b3 e5 2. Bb2 Nc6 3. e3 Nf6 4. Bb5 d6 5. d4 exd4 6. exd4 Bd7 7. Nf3 a6 8. Be2
Be7 9. Nbd2 O-O 10. c4 Bf5 11. O-O Nb4 12. Bc3 Bc2 13. Qc1 Bd3 14. Re1 Bxe2 15.
Rxe2 Nd3 16. Qc2 Nf4 17. Re3 Qd7 18. h3 Rae8 19. Rae1 Bd8 20. Nf1 Ng6 21. d5
Rxe3 22. Rxe3 Re8 23. Kh2 Rxe3 24. Nxe3 Qe8 25. Nf5 Qe4 26. Qxe4 Nxe4 27. Bxg7
Nxf2 28. Nd2 Nh4 29. Bd4 Nxf5 30. Bxf2 Bg5 31. Ne4 Bf4+ 32. g3 Be5 33. Ba7 h5
34. Kg2 c6 35. g4 Nh4+ 36. Kf2 hxg4 37. hxg4 cxd5 38. cxd5 f5 39. gxf5 Nxf5 40.
Bb8 Kf7 41. Ke2 Ke7 42. Kd3 Nh4 43. Nc5 dxc5 44. Bxe5 Ng6 45. Bg3 b5 46. Ke4
Kd7 47. a4 bxa4 48. bxa4 Ne7 49. Bb8 Nxd5 50. Kxd5 Kc8 51. Be5 Kb7 52. Kxc5 Ka7
53. Kc6 a5 54. Kc7 Ka8 55. Bd4 1/2-1/2

[Event "Krajský pøebor jednotlivcù KHŠS 2014"]
[Site "Janske Lazne"]
[Date "2014.05.08"]
[Round "4.12"]
[White "Pychova, Nela"]
[Black "Rojikova, Lenka"]
[Result "1/2-1/2"]
[WhiteElo "2034"]
[BlackElo "1935"]
[PlyCount "89"]
[EventDate "2014.05.06"]

1. c4 c5 2. Nc3 g6 3. g3 Bg7 4. Bg2 Nc6 5. Nf3 d6 6. d3 e5 7. O-O Nge7 8. Rb1
O-O 9. a3 a5 10. Ne1 Be6 11. Nd5 Rb8 12. Nxe7+ Qxe7 13. Nc2 Qd7 14. b4 axb4 15.
axb4 Nxb4 16. Nxb4 cxb4 17. Rxb4 b5 18. Bd2 bxc4 19. dxc4 Rxb4 20. Bxb4 Bxc4
21. Qxd6 Qxd6 22. Bxd6 Rd8 23. Bb4 Bxe2 24. Re1 Rd1 25. Rxd1 Bxd1 26. Bd5 Bc2
27. f3 Bf8 28. Bxf8 Kxf8 29. Kf2 Ke7 30. Ke3 Bf5 31. f4 Be6 32. Bf3 f6 33. h4
h6 34. Bc6 g5 35. hxg5 hxg5 36. fxg5 fxg5 37. Ke4 Kf6 38. Bb5 Bf5+ 39. Ke3 Bc8
40. Be2 Bb7 41. Bg4 Bc6 42. Bh3 Kg6 43. Bg4 Bb7 44. Kd2 Kf6 45. Ke3 1/2-1/2

[Event "Krajský pøebor jednotlivcù KHŠS 2014"]
[Site "Janske Lazne"]
[Date "2014.05.08"]
[Round "4.13"]
[White "Tobiskova, Petra"]
[Black "Framberk, Jan"]
[Result "0-1"]
[WhiteElo "1591"]
[BlackElo "2032"]
[PlyCount "86"]
[EventDate "2014.05.06"]

1. c4 Nf6 2. g3 g6 3. Bg2 Bg7 4. Nc3 O-O 5. e4 d6 6. Nge2 c5 7. d3 Nc6 8. O-O
Rb8 9. h3 Ne8 10. f4 Nc7 11. Rb1 Ne6 12. Kh2 Ned4 13. Be3 Bd7 14. Bf2 a6 15. g4
b5 16. Nxd4 Nxd4 17. Bxd4 Bxd4 18. Ne2 Bg7 19. b3 e6 20. Rf2 Qh4 21. Qf1 f5 22.
exf5 exf5 23. gxf5 Bxf5 24. Ng3 Bd4 25. Rc2 Bd7 26. Qf3 Qxf4 27. Qd5+ Kg7 28.
Rf1 Qe5 29. Re2 Qxd5 30. Bxd5 Be5 31. Ref2 Rxf2+ 32. Rxf2 Rf8 33. Rxf8 Kxf8 34.
Kg2 Bxg3 35. Kxg3 b4 36. Bf3 Bf5 37. Be2 Ke7 38. h4 Kf6 39. Kf4 h6 40. Ke3 Ke5
41. Bf1 g5 42. hxg5 hxg5 43. Be2 Bh3 0-1

[Event "Krajský pøebor jednotlivcù KHŠS 2014"]
[Site "Janske Lazne"]
[Date "2014.05.08"]
[Round "4.14"]
[White "Martinovsky, Miroslav"]
[Black "Pycha, Patrik"]
[Result "1/2-1/2"]
[WhiteElo "1812"]
[BlackElo "2013"]
[PlyCount "88"]
[EventDate "2014.05.06"]

1. Nf3 Nf6 2. d4 d5 3. c4 e6 4. Bg5 Be7 5. Nc3 O-O 6. cxd5 exd5 7. e3 c6 8. Qc2
Nbd7 9. Bd3 Re8 10. O-O Nf8 11. Rab1 Ng6 12. Rfc1 Bg4 13. Nd2 Nh5 14. Bxe7 Qxe7
15. Bf5 Qg5 16. Bxg4 Qxg4 17. Qd1 Qg5 18. Nf3 Qg4 19. Nd2 Qxd1+ 20. Rxd1 f5 21.
g3 Nh8 22. h4 Nf7 23. Nf3 Nf6 24. Kg2 h6 25. Re1 g6 26. Rbc1 Nd7 27. Na4 Nb6
28. Nc5 Rab8 29. Nd3 a5 30. Nc5 Kg7 31. b3 Re7 32. Rb1 Nd6 33. Rec1 Ra8 34. Ne5
a4 35. b4 Nbc4 36. Nxc4 Nxc4 37. Nd3 b5 38. Rc3 Kf6 39. Rbc1 Rae8 40. Ne5 Rxe5
41. dxe5+ Rxe5 42. Rd1 h5 43. Kf3 a3 44. Rd4 Re8 1/2-1/2

[Event "Krajský pøebor jednotlivcù KHŠS 2014"]
[Site "Janske Lazne"]
[Date "2014.05.08"]
[Round "4.15"]
[White "Peroutka, Ivo"]
[Black "Matejovsky, Ondrej"]
[Result "1/2-1/2"]
[WhiteElo "1938"]
[BlackElo "1988"]
[PlyCount "121"]
[EventDate "2014.05.06"]

1. d4 d5 2. c4 e5 3. e3 exd4 4. Qxd4 Nc6 5. Qxd5 Qxd5 6. cxd5 Nb4 7. Na3 Nxd5
8. Nf3 Bxa3 9. bxa3 Bf5 10. Ne5 Nge7 11. Bb2 f6 12. Nf3 O-O-O 13. Nd4 Bg6 14.
Rc1 Kb8 15. Be2 c6 16. O-O Nb6 17. Ba1 Rd6 18. Bd1 Rhd8 19. Bb3 Nf5 20. Ne6 Re8
21. Nf4 Ne7 22. Bd4 Ned5 23. Bc5 Rdd8 24. Bxb6 Nxb6 25. Nxg6 hxg6 26. Bf7 Re5
27. Bxg6 Rd2 28. Bf7 Nd5 29. Ra1 Rd3 30. h4 Rxa3 31. Rfd1 Kc7 32. Rd4 Nc3 33.
Rg4 Re4 34. Rxg7 Rxh4 35. g3 Rh6 36. Rg4 Kd6 37. Kg2 Nd5 38. Rh4 Rxh4 39. gxh4
Ke7 40. Bxd5 cxd5 41. Kf3 d4 42. h5 dxe3 43. fxe3 Kf7 44. Rg1 Ra5 45. Rc1 Rxh5
46. Rc7+ Ke6 47. Rxb7 Ra5 48. Rb2 Ra3 49. Kf4 Ra4+ 50. Kf3 Kd5 51. Rh2 f5 52.
Rh5 Ke5 53. Rh2 a5 54. Rb2 Rb4 55. Rb3 Kd5 56. Rxb4 axb4 57. Kf4 Kc4 58. Kxf5
Kc3 59. e4 Kb2 60. e5 Kxa2 61. e6 1/2-1/2

[Event "Krajský pøebor jednotlivcù KHŠS 2014"]
[Site "Janske Lazne"]
[Date "2014.05.08"]
[Round "4.16"]
[White "Havelka, Petr"]
[Black "Vavrinec, Tomas"]
[Result "1/2-1/2"]
[WhiteElo "1871"]
[BlackElo "2025"]
[PlyCount "95"]
[EventDate "2014.05.06"]

1. d4 Nf6 2. c4 c5 3. e3 g6 4. Nf3 Bg7 5. Be2 O-O 6. O-O cxd4 7. Nxd4 Nc6 8.
Nxc6 bxc6 9. Nc3 d6 10. Qc2 Be6 11. b3 a5 12. Bb2 Qb6 13. Na4 Qc7 14. Rac1 Rab8
15. Bf3 Rfc8 16. Rfd1 Qa7 17. c5 d5 18. Be5 Rb7 19. Nb6 Re8 20. Rd4 Bf5 21. Qb2
Bf8 22. Ra4 Nd7 23. Nxd7 Bxd7 24. Bc3 Qxc5 25. Bd4 Qd6 26. Rxa5 Qc7 27. Rxd5
Rc8 28. Rdc5 e6 29. Be5 Qb6 30. R5c4 Qa6 31. Qc2 Ba3 32. Rd1 Qb5 33. Bf6 Be8
34. Be2 Qb6 35. Bd4 Qc7 36. Bc5 Ra8 37. Bf3 Bxc5 38. Rxc5 Ra6 39. Rc1 Rbb6 40.
Be2 Ra3 41. Bb5 Qa7 42. Bxc6 Rxa2 43. Qc3 Bxc6 44. Rxc6 Rxc6 45. Qxc6 Qa3 46.
Qc8+ Kg7 47. Qc3+ Kh6 48. g3 1/2-1/2

[Event "Krajský pøebor jednotlivcù KHŠS 2014"]
[Site "Janske Lazne"]
[Date "2014.05.08"]
[Round "4.17"]
[White "Portych, Vaclav"]
[Black "Chalupecky, Vladimir"]
[Result "1-0"]
[WhiteElo "1818"]
[BlackElo "2006"]
[PlyCount "83"]
[EventDate "2014.05.06"]

1. c4 e5 2. Nc3 Nc6 3. Nf3 f5 4. e4 d6 5. d4 fxe4 6. Nxe4 d5 7. cxd5 Qxd5 8.
Nc3 Bb4 9. Bd2 Bxc3 10. bxc3 Bg4 11. Be2 e4 12. Nh4 Bxe2 13. Qxe2 Nf6 14. f4
O-O-O 15. O-O Ne7 16. Be3 Qd7 17. c4 Qg4 18. Qf2 Qh5 19. h3 h6 20. g4 Qf7 21.
d5 Nd7 22. Rab1 Rdg8 23. Bxa7 g5 24. Ng2 h5 25. Bd4 hxg4 26. Bxh8 gxh3 27. fxg5
Qxf2+ 28. Rxf2 Rxh8 29. Nf4 Ne5 30. Rb3 Nf5 31. Rxh3 Rg8 32. Ne6 Ne7 33. Rf8+
Rxf8 34. Nxf8 Nxc4 35. g6 Ne5 36. g7 Kd8 37. Re3 Nf3+ 38. Kf2 Ng5 39. Ne6+ Nxe6
40. dxe6 Ng8 41. Rxe4 Ke7 42. Rf4 1-0

[Event "Krajský pøebor jednotlivcù KHŠS 2014"]
[Site "Janske Lazne"]
[Date "2014.05.08"]
[Round "4.18"]
[White "Sedivy, Martin"]
[Black "Mares, Ilja"]
[Result "1-0"]
[WhiteElo "1963"]
[BlackElo "1786"]
[PlyCount "59"]
[EventDate "2014.05.06"]

1. e4 d6 2. d4 Nf6 3. Nc3 g6 4. Bg5 Bg7 5. f3 O-O 6. Qd2 Nc6 7. Nge2 e5 8. d5
Ne7 9. h4 h5 10. O-O-O Ne8 11. Rg1 Bf6 12. g4 Bxg5 13. Qxg5 hxg4 14. fxg4 f6
15. Qe3 Bd7 16. Bh3 Rf7 17. g5 f5 18. exf5 Nxf5 19. Bxf5 Bxf5 20. Ne4 Rh7 21.
Rh1 Qd7 22. N2g3 Bg4 23. Rdf1 Rf7 24. Qd3 Rd8 25. Nf6+ Rxf6 26. gxf6 Qf7 27. h5
Nxf6 28. hxg6 Qg7 29. Nf5 Bxf5 30. Qxf5 1-0

[Event "Krajský pøebor jednotlivcù KHŠS 2014"]
[Site "Janske Lazne"]
[Date "2014.05.08"]
[Round "4.19"]
[White "Plchot, Miroslav"]
[Black "Ruzickova, Radka"]
[Result "1-0"]
[WhiteElo "1932"]
[BlackElo "1820"]
[PlyCount "69"]
[EventDate "2014.05.06"]

1. d4 d5 2. Nf3 Nf6 3. c4 e6 4. Nc3 c6 5. cxd5 exd5 6. Bf4 Bd6 7. Ne5 O-O 8. e3
Bf5 9. Be2 Qe7 10. g4 Bg6 11. h4 h6 12. g5 Bxe5 13. dxe5 Ne4 14. gxh6 Nxc3 15.
bxc3 Nd7 16. h5 Bh7 17. Rg1 g6 18. e6 Qxe6 19. Bg4 f5 20. Be2 Kf7 21. Rb1 b6
22. c4 Rg8 23. cxd5 cxd5 24. Bf3 Nf6 25. Rc1 Rac8 26. Rxc8 Rxc8 27. Bg5 Ne4 28.
Qd4 Rg8 29. Ke2 Qc6 30. Bxe4 dxe4 31. Rc1 Qb5+ 32. Ke1 Qa5+ 33. Kf1 Qb5+ 34.
Kg2 gxh5 35. Qf6+ 1-0

[Event "Krajský pøebor jednotlivcù KHŠS 2014"]
[Site "Janske Lazne"]
[Date "2014.05.08"]
[Round "4.20"]
[White "Kotyza, Bohumil"]
[Black "Svec, Ludek"]
[Result "1-0"]
[WhiteElo "1905"]
[BlackElo "1749"]
[PlyCount "65"]
[EventDate "2014.05.06"]

1. d4 Nf6 2. Nf3 e6 3. Bf4 b6 4. e3 Bb7 5. Bd3 Be7 6. Nbd2 O-O 7. c3 d6 8. Qc2
Nbd7 9. e4 Ne8 10. e5 g6 11. h4 Ng7 12. Bh6 Re8 13. O-O-O c5 14. dxc5 d5 15. c6
Bxc6 16. Bxg7 Kxg7 17. h5 Rh8 18. hxg6 hxg6 19. Rhe1 Nc5 20. Nd4 Ba4 21. b3
Nxd3+ 22. Qxd3 Bd7 23. f4 Qc7 24. Kb2 Rac8 25. g4 Rh4 26. f5 Rch8 27. f6+ Bxf6
28. exf6+ Kxf6 29. Rf1+ Ke7 30. Qf3 Be8 31. Qf6+ Kd7 32. Nb5 Kc6 33. Nxc7 1-0

[Event "Krajský pøebor jednotlivcù KHŠS 2014"]
[Site "Janske Lazne"]
[Date "2014.05.08"]
[Round "4.21"]
[White "Kabelka, Ondrej"]
[Black "Peniska, Pavel"]
[Result "1-0"]
[WhiteElo "1785"]
[BlackElo "1905"]
[PlyCount "66"]
[EventDate "2014.05.06"]

1. d4 Nf6 2. g3 g6 3. Bg2 Bg7 4. c4 O-O 5. Nc3 d6 6. e4 c6 7. Nge2 e5 8. O-O
Be6 9. b3 Qa5 10. Bb2 Na6 11. h3 Rad8 12. Kh2 Nh5 13. f4 exf4 14. Nxf4 Nxf4 15.
Rxf4 b5 16. cxb5 cxb5 17. Qd3 Nb4 18. Qd1 Nc6 19. Ne2 d5 20. e5 b4 21. Rf2 Bh6
22. Bc1 Bxc1 23. Rxc1 Ne7 24. Qd2 Rc8 25. Rxc8 Rxc8 26. Nf4 Bf5 27. g4 Rc2 28.
Qe3 Rxf2 29. Qxf2 Bb1 30. Qh4 Qc7 31. Qg5 Be4 32. Nh5 Qc2 33. Nf6+ Kf8 1-0

[Event "Krajský pøebor jednotlivcù KHŠS 2014"]
[Site "Janske Lazne"]
[Date "2014.05.08"]
[Round "4.22"]
[White "Dungl, Petr"]
[Black "Tsapanidis, Vasilis"]
[Result "1-0"]
[WhiteElo "1889"]
[BlackElo "1779"]
[PlyCount "79"]
[EventDate "2014.05.06"]

1. d4 g6 2. c4 Bg7 3. Nc3 d6 4. e4 Nh6 5. Nf3 O-O 6. h3 Nc6 7. d5 Nb8 8. Be3 f6
9. Be2 b6 10. O-O e5 11. Qc1 Nf7 12. b4 a5 13. a3 f5 14. Ng5 Nxg5 15. Bxg5 Bf6
16. Bxf6 Qxf6 17. Nb5 Qd8 18. exf5 Bxf5 19. Qe3 Bd7 20. Nc3 Rf4 21. Bd3 Be8 22.
Ne2 Rf7 23. Ng3 Nd7 24. Ne4 Nf8 25. Ng5 Rf6 26. Rfc1 Bd7 27. Ne4 Rf4 28. c5
axb4 29. axb4 bxc5 30. bxc5 dxc5 31. Nxc5 Rxa1 32. Rxa1 Qe7 33. Ne4 Kg7 34. Ra7
Qd8 35. Qc5 Rf7 36. Qxc7 Qe8 37. Nd6 Qe7 38. Nxf7 Qxf7 39. Qxe5+ Kg8 40. Bb5
1-0

[Event "Krajský pøebor jednotlivcù KHŠS 2014"]
[Site "Janske Lazne"]
[Date "2014.05.08"]
[Round "4.23"]
[White "Bradac, Daniel"]
[Black "Laloucek, Miroslav"]
[Result "1-0"]
[WhiteElo "1947"]
[BlackElo "1812"]
[PlyCount "63"]
[EventDate "2014.05.06"]

1. e4 d5 2. exd5 Nf6 3. d4 Nxd5 4. c4 Nb4 5. a3 N4a6 6. Nf3 e6 7. b4 c6 8. Bd3
Be7 9. O-O Bf6 10. Bb2 O-O 11. Nc3 Nc7 12. Ne4 Nd7 13. Ne5 Nxe5 14. dxe5 Be7
15. Qf3 f5 16. exf6 Bxf6 17. Nxf6+ gxf6 18. Bxh7+ Kxh7 19. Qh5+ Kg8 20. Qg6+
Kh8 21. Rad1 Qe7 22. Rd4 Qg7 23. Rh4+ Kg8 24. Qh5 e5 25. f4 e4 26. f5 Ne6 27.
Rg4 Ng5 28. Rff4 Qh7 29. Rxg5+ fxg5 30. Qxg5+ Kf7 31. Rxe4 Bxf5 32. Re7# 1-0

[Event "Krajský pøebor jednotlivcù KHŠS 2014"]
[Site "Janske Lazne"]
[Date "2014.05.08"]
[Round "4.24"]
[White "Vystrcil, Martin"]
[Black "Neubauer, Vilem"]
[Result "0-1"]
[WhiteElo "1794"]
[BlackElo "1840"]
[PlyCount "82"]
[EventDate "2014.05.06"]

1. e4 g6 2. d4 Bg7 3. Nc3 d6 4. Be3 Nc6 5. Bc4 Nf6 6. f3 O-O 7. Nge2 e5 8. Qd2
exd4 9. Nxd4 Re8 10. O-O-O Na5 11. Be2 Be6 12. Nxe6 fxe6 13. Bh6 Qe7 14. Bxg7
Qxg7 15. h4 a6 16. g4 b5 17. h5 g5 18. h6 Qg6 19. e5 dxe5 20. Bd3 Qf7 21. Qxg5+
Kf8 22. Qxe5 Nc6 23. Qc5+ Ne7 24. Ne4 Nfd5 25. Ng5 Qf4+ 26. Kb1 Qxg5 27. f4 Qf6
28. f5 exf5 29. Rdf1 Kg8 30. Bxf5 Qb6 31. Qa3 Nxf5 32. Rxf5 Qe6 33. Rd1 Rad8
34. Rg5+ Kh8 35. Qd3 c6 36. a3 Qf6 37. Rf5 Nc3+ 38. bxc3 Rxd3 39. cxd3 Qxh6 40.
Rdf1 Qd6 41. R5f2 Qxd3+ 0-1

[Event "Krajský pøebor jednotlivcù KHŠS 2014"]
[Site "Janske Lazne"]
[Date "2014.05.08"]
[Round "4.25"]
[White "Sadil, Jan"]
[Black "Mladek, Richard"]
[Result "0-1"]
[WhiteElo "1723"]
[BlackElo "1610"]
[PlyCount "72"]
[EventDate "2014.05.06"]

1. d4 Nf6 2. Nf3 g6 3. g3 Bg7 4. Bg2 d6 5. O-O O-O 6. c3 Nbd7 7. Bf4 c5 8. Qc1
Rb8 9. Bh6 b5 10. Bxg7 Kxg7 11. Nbd2 Bb7 12. e3 Qb6 13. a3 Rfc8 14. Qd1 a5 15.
dxc5 Nxc5 16. Nb3 Ba6 17. Nxc5 dxc5 18. Re1 Rd8 19. Qb3 e6 20. Red1 Rxd1+ 21.
Rxd1 b4 22. cxb4 cxb4 23. Nd4 bxa3 24. Qxb6 Rxb6 25. bxa3 Rb2 26. Bf1 Bb7 27.
Bg2 Bxg2 28. Kxg2 Ng4 29. Kg1 Nxf2 30. Rc1 Nh3+ 31. Kh1 Nf2+ 32. Kg1 Ng4 33.
Nc6 a4 34. h3 Nxe3 35. Nd4 Rd2 36. Nxe6+ fxe6 0-1

[Event "Krajský pøebor jednotlivcù KHŠS 2014"]
[Site "Janske Lazne"]
[Date "2014.05.08"]
[Round "5.2"]
[White "Moravec, Vit"]
[Black "Jedlicka, Lubos"]
[Result "1/2-1/2"]
[WhiteElo "2177"]
[BlackElo "2230"]
[PlyCount "43"]
[EventDate "2014.05.06"]

1. e4 c5 2. Nf3 d6 3. d4 cxd4 4. Nxd4 Nf6 5. Nc3 g6 6. Be3 Bg7 7. f3 O-O 8. Qd2
Nc6 9. g4 Be6 10. O-O-O Nxd4 11. Bxd4 b5 12. g5 b4 13. gxf6 bxc3 14. Bxc3 Bxf6
15. Bxf6 exf6 16. Qxd6 Qa5 17. Qa6 Qc5 18. Qa3 Qc7 19. Qd6 Qa5 20. Qa6 Qc5 21.
Qa3 Qc7 22. Qd6 1/2-1/2

[Event "Krajský pøebor jednotlivcù KHŠS 2014"]
[Site "Janske Lazne"]
[Date "2014.05.08"]
[Round "5.3"]
[White "Tazlar, Petr"]
[Black "Stradej, Vlastimil"]
[Result "1-0"]
[WhiteElo "2200"]
[BlackElo "1993"]
[PlyCount "95"]
[EventDate "2014.05.06"]

1. d4 d5 2. c4 c6 3. Nc3 e5 4. cxd5 cxd5 5. e3 exd4 6. Qxd4 Nf6 7. Nf3 Nc6 8.
Qd1 Bc5 9. Be2 O-O 10. O-O a6 11. Qc2 Ba7 12. Rd1 Qe7 13. a3 Rd8 14. Nd4 Nxd4
15. exd4 Bg4 16. Bxg4 Nxg4 17. h3 Nf6 18. Bg5 h6 19. Bh4 g5 20. Bg3 Ne4 21. Re1
f5 22. Be5 Qf7 23. f3 Nxc3 24. Qxc3 Rac8 25. Qd3 Rc4 26. b3 Rc6 27. Rac1 Rdc8
28. Rxc6 Rxc6 29. f4 gxf4 30. Bxf4 Re6 31. Rc1 Re4 32. Rc8+ Re8 33. Rxe8+ Qxe8
34. Qg3+ Kh7 35. Be5 Qg8 36. Qf3 Qe6 37. Kh1 Bb6 38. Qc3 Bd8 39. Qb4 Qf7 40.
Qd6 Bg5 41. g3 Be3 42. Kg2 Bc1 43. a4 Bd2 44. b4 a5 45. bxa5 Bxa5 46. Bf4 Bc3
47. Qxh6+ Kg8 48. Be5 1-0

[Event "Krajský pøebor jednotlivcù KHŠS 2014"]
[Site "Janske Lazne"]
[Date "2014.05.08"]
[Round "5.4"]
[White "Valenta, Vit"]
[Black "Pavlicek, Miroslav"]
[Result "1-0"]
[WhiteElo "2137"]
[BlackElo "2022"]
[PlyCount "71"]
[EventDate "2014.05.06"]

1. b4 a5 2. b5 c5 3. c4 Nf6 4. Nc3 e6 5. Nf3 d6 6. e3 Nbd7 7. d4 b6 8. Be2 Bb7
9. O-O Be7 10. Bb2 Qc7 11. Rc1 h6 12. d5 e5 13. Nh4 g6 14. f4 O-O-O 15. Nf3 Ng4
16. Qd2 exf4 17. exf4 f5 18. Rce1 Rdg8 19. h3 Ngf6 20. Bd3 Rh7 21. Re2 Nh5 22.
Rfe1 Kd8 23. Kh2 Bc8 24. Na4 Ndf6 25. g3 g5 26. Ne5 dxe5 27. fxe5 Bf8 28. d6
Qb8 29. exf6 Bxd6 30. Be5 Nxg3 31. Kxg3 Rd7 32. Kf2 Bxe5 33. Rxe5 Qd6 34. f7
Qd4+ 35. Qe3 Qh4+ 36. Kg1 1-0

[Event "Krajský pøebor jednotlivcù KHŠS 2014"]
[Site "Janske Lazne"]
[Date "2014.05.08"]
[Round "5.5"]
[White "Kozusek, Daniel"]
[Black "Cap, Adam"]
[Result "1-0"]
[WhiteElo "2084"]
[BlackElo "2134"]
[PlyCount "75"]
[EventDate "2014.05.06"]

1. d4 Nf6 2. c4 c5 3. d5 g6 4. Nc3 Bg7 5. e4 d6 6. Nf3 O-O 7. h3 e6 8. Bd3 exd5
9. cxd5 Re8 10. O-O c4 11. Bxc4 Nxe4 12. Nxe4 Rxe4 13. Bd3 Re8 14. Qa4 Nd7 15.
Bg5 f6 16. Be3 Ne5 17. Be2 Nxf3+ 18. Bxf3 f5 19. Qb4 b6 20. Rac1 Bb7 21. a4 Be5
22. Rc2 Rc8 23. Rfc1 Rxc2 24. Rxc2 Qd7 25. a5 bxa5 26. Qxa5 Rc8 27. Rxc8+ Qxc8
28. b3 a6 29. Be2 Kg7 30. f4 Bc3 31. Qb6 Bxd5 32. Qxd6 Bb7 33. Bd4+ Bxd4+ 34.
Qxd4+ Kh6 35. g4 Qc1+ 36. Kf2 fxg4 37. hxg4 Qe1+ 38. Kxe1 1-0

[Event "Krajský pøebor jednotlivcù KHŠS 2014"]
[Site "Janske Lazne"]
[Date "2014.05.08"]
[Round "5.6"]
[White "Karlik, Vladimir"]
[Black "Rusnak, Jan"]
[Result "1-0"]
[WhiteElo "2271"]
[BlackElo "1991"]
[PlyCount "67"]
[EventDate "2014.05.06"]

1. d4 e6 2. Nf3 c5 3. c3 cxd4 4. cxd4 d5 5. Nc3 a6 6. Bf4 Bd6 7. Bg3 Ne7 8. e3
Nbc6 9. Bd3 Ng6 10. O-O f5 11. Bxd6 Qxd6 12. Na4 O-O 13. Rc1 b5 14. Nc5 Ra7 15.
a4 b4 16. Qe2 a5 17. Bb5 Nce7 18. Rc2 e5 19. dxe5 Nxe5 20. Nxe5 Qxe5 21. Rd1 f4
22. Nd3 Qg5 23. Nxf4 Ng6 24. Rxd5 Qf6 25. Rc6 Nxf4 26. exf4 Qe7 27. Qxe7 Rxe7
28. Rc1 Be6 29. Rd4 Ref7 30. Re1 Bb3 31. Re3 Ba2 32. b3 Rc7 33. Bc4+ Kh8 34.
Re1 1-0

[Event "Krajský pøebor jednotlivcù KHŠS 2014"]
[Site "Janske Lazne"]
[Date "2014.05.08"]
[Round "5.7"]
[White "Skrivanek, Jan"]
[Black "Framberk, Jan"]
[Result "1-0"]
[WhiteElo "2168"]
[BlackElo "2032"]
[PlyCount "64"]
[EventDate "2014.05.06"]

1. Nf3 Nf6 2. d4 g6 3. c4 Bg7 4. Nc3 d5 5. Bg5 Ne4 6. Bf4 Nxc3 7. bxc3 c5 8. e3
Nc6 9. Qd2 Bg4 10. Be2 dxc4 11. Bxc4 Bxf3 12. gxf3 Qa5 13. Rb1 cxd4 14. cxd4
Qxd2+ 15. Kxd2 O-O-O 16. Bxf7 e5 17. Bg5 Rd6 18. Rhc1 exd4 19. e4 Rf8 20. Bd5
Re8 21. Kd3 h6 22. Bf4 Be5 23. Bxh6 Rh8 24. Bg5 Rxh2 25. Rc5 b6 26. Rxc6+ Rxc6
27. Bxc6 Rxf2 28. f4 Rf3+ 29. Kc4 Rc3+ 30. Kd5 Bg7 31. Be8 d3 32. Rd1 Ra3 1-0